| 000 | 00966nam a22002777a 4500 | ||
|---|---|---|---|
| 001 | 7390 | ||
| 003 | FISKH | ||
| 005 | 20250711143000.0 | ||
| 008 | 250711b cb ||||| |||| 00| 0 eng d | ||
| 020 | _a9780618932689 | ||
| 040 |
_aFISKH _beng _cFISKH _dFISKH |
||
| 050 | _aQL737.C424 E78 | ||
| 082 | _a599.51 | ||
| 100 | _aEsbensen, Barbara Juster | ||
| 245 |
_aBaby whales drink milk / _cby Barbara Juster Esbensen ; illustrated by Lambert Davis |
||
| 260 |
_aBoston : _bHoughton Mifflin, _c1994. |
||
| 300 |
_a32 pages : _bcolor illustrations ; _c21 x 26 cm |
||
| 505 | _aN | ||
| 520 | _aDescribes the behavior of the humpback whale, with an emphasis on the fact that it is a mammal and shares the characteristics of other mammals. | ||
| 521 | 8 |
_a580
_bLexile AD |
|
| 521 | 8 |
_aN
_bRaz-Plus |
|
| 650 |
_aOcean Life _vOcean Animals _xPicture Book _yMarine Life |
||
| 700 |
_aDavis, Lambert _eillustrator |
||
| 942 |
_2ddc _cBK _n0 |
||
| 999 |
_c7390 _d7390 |
||